00910cam a22002651i 4500001001300000003000400013005001700017008004100034010001700075035001900092040002100111043002100132050002200153100004900175245009200224260004300316300008400359490004100443504003100484500002000515650002000535650002000555810005200575999001700627gs 08000320 DLC20260227111307.0790411s1908 dcuabf b f001 0 eng  ags 08000320  a(OCoLC)4844503 aDLCcICharEdDLC an-us-kyan-us-va00aQE75b.B9 no. 3481 aStone, Ralph W.q(Ralph Walter),d1876-1964.10aCoal resources of the Russell Fork basin in Kentucky and Virginia /cby Ralph W. Stone. aWashington,bGovt. Print. Off.,c1908. a127 p. :bill., viii pl. (part fold., incl. 2 maps in pocket) diagrs. ;c24 cm.1 aU.S. Geological survey. Bulletin 348 aBibliography : p. 121-122. aIncludes index. 0aCoalzKentucky. 0aCoalzVirginia.2 aGeological Survey (U.S.).tBulletin ;vno. 348. c24749d24749